000 00519nam a22001937a 4500
003 MPLRDC
005 20220104184008.0
008 210129b ||||| |||| 00| 0 eng d
020 _a7-5391-4049-0
082 _a947.47 TZBEX-88
100 _a藤子不二雄
245 _a大雄与风的使者
_c赵枫译
250 _a初版二刷
260 _a中国
_b二十一世纪出版社
_c2008
300 _b
490 _a哆啦A梦彩色电影
650 _a哆啦A梦电影漫画
942 _cBK
_o947.47 TZBEX-88
999 _c62659
_d62649